000 00793nam a2200289Ia 4500
005 20260324112242.0
008 008 260324s9999 xx 000 0 eng d
020 _a9781003532026
037 _aEBOOK
040 _aCRL
040 _beng
040 _cCRL
041 _2eng
041 _aeng
084 _qCRL
100 _aIlona Paweloszek; Dorota Jelonek; Munish Sabharwal; Narendra Kumar; Karlibaeva Raya
_91141920
245 0 _aRecent Advances in Management and Engineering
245 0 _bProceedings ofRecent Advances in Management and Engineering
260 _bTaylor and Francis
260 _c2024
365 _a
365 _b325
856 _uhttp://www.taylorfrancis.com/books/9781003532026
942 _cEBOOK
999 _c1731064
_d1731064